01186nam a2200277 a 4500001001000000005001700010008004100027020001500068041000800083044000800091050002100099100002200120245022400142250000600366260004900372300002700421500003400448500005300482500006400535500013900599650003200738650002900770650004000799700002500839710004400864BRCA_526120190320205016.0301110s1963----nyua######---#000-0#eng-# a0870990500 aeng anyu 4aN5963b.R67 19631 aRorimer, James J.10aThe Cloistersbthe Building and the Collection of Medieval Art in Fort Tryon ParkcJames J. Rorimer ; edition revised in collaboration with Margaret B. Freeman and the Staff of the Medieval Department and The Cloisters. a3 aNueva YorkbMetropolitan Museum of Artc1963 ax, 225 p.bil.c21 cm. aIncluye índice alfabético aDonación Dr. Héctor Rivero Borrell Vázquez aEsta edición se encuentra en el Área de Investigación aLa biblioteca cuenta con un 2do. ejemplar perteneciente al Fondo General Franz Mayer (Y11) y con las ediciones 1946 (E41) y 1951 (E39)14aArte medievalvExposiciones14aClaustros (Arquitectura)14aGalerías y museoszEstados Unidos1 aFreeman, Margaret B.2 aMetropolitan Museum of Art (Nueva York)